000 00572nam a2200193Ia 4500
003 GCL
008 140319s9999 xx 000 0 eng d
040 _aGCL /
_cGCL
082 0 4 _a621.382
_bM S
100 1 _aMORAL, G.
245 1 0 _aSATELLITE COMMUNICATION SYSTEM: SYSTEMS, TECHNIQUES AND THE CHNOLOGY /
_cMORAL, G.
700 1 _aBOUSQUET. M
260 _a[S.N] :
_bJOHN WILEY AND SONS. INC ،
_c1993
300 _a688 P
650 0 4 _aالتحليل الرياضى
650 0 4 _aSATELLITE COMMUNICATION SYSTEM
650 0 4 _aCOMMUNICATION SYSTEMS
942 _2ddc
_cBK
999 _c14469
_d14469